Toutes les communes de l'Indre-et-Loire sur une carte - Statistiques

Statistiques générales
  • Ce quiz a été pris 1 931 fois
  • Le résultat moyen est 70 sur 272
Réponses sur la Carte
Les réponses sont colorées sur une échelle allant du rouge au vert en fonction du pourcentage des utilisateurs qui les ont devinées à leur premier essai. Vous pouvez retrouver ces pourcentages ci-dessous.
 
Statistiques - réponses
Commune % Correct
Tours
97%
Joué-lès-Tours
85%
Loché-sur-Indrois
83%
Saint-Pierre-des-Corps
82%
Chinon
81%
Amboise
80%
Chambray-lès-Tours
76%
Saint-Cyr-sur-Loire
72%
Azay-le-Rideau
71%
Azay-sur-Cher
71%
Azay-sur-Indre
71%
La Riche
70%
Saint-Avertin
68%
Montlouis-sur-Loire
63%
Fondettes
59%
Vou
58%
Sainte-Maure-de-Touraine
57%
Langeais
55%
Vouvray
55%
Monts
54%
Ballan-Miré
53%
La Ville-aux-Dames
53%
Loches
53%
Bléré
52%
Montbazon
52%
Descartes
51%
Château-Renault
50%
Veigné
49%
Villandry
49%
Rochecorbon
47%
Esvres
46%
Cinq-Mars-la-Pile
45%
Luynes
45%
Parçay-Meslay
45%
Parçay-sur-Vienne
45%
Bourgueil
44%
Monnaie
44%
Avoine
43%
Chenonceaux
43%
Neuil
43%
Notre-Dame-d'Oé
43%
Saint-Martin-le-Beau
43%
Savonnières
41%
Sorigny
41%
Cormery
40%
La Membrolle-sur-Choisille
40%
Richelieu
40%
Véretz
40%
Athée-sur-Cher
39%
Neuillé-le-Lierre
37%
Neuillé-Pont-Pierre
37%
Saint-Genouph
37%
Saint-Nicolas-de-Bourgueil
37%
Saint-Nicolas-des-Motets
37%
Chanceaux-près-Loches
36%
Chanceaux-sur-Choisille
36%
Larçay
36%
L'Île-Bouchard
36%
Truyes
36%
Beaumont-en-Véron
35%
Beaumont-Louestault
35%
Beaumont-Village
35%
Mettray
35%
Vernou-sur-Brenne
34%
Artannes-sur-Indre
33%
Ambillou
32%
Château-la-Vallière
32%
Nazelles-Négron
30%
Saint-Branchs
30%
Saint-Étienne-de-Chigny
30%
Tauxigny-Saint-Bauld
30%
Villeperdue
30%
Beaulieu-lès-Loches
29%
Saint-Jean-Saint-Germain
29%
Druye
28%
La Croix-en-Touraine
28%
Montrésor
28%
Pocé-sur-Cisse
28%
Reignac-sur-Indre
28%
Hommes
27%
Le Grand-Pressigny
27%
Ligueil
27%
Perrusson
27%
Saché
27%
Saint-Benoît-la-Forêt
27%
Berthenay
26%
Céré-la-Ronde
26%
Saint-Antoine-du-Rocher
26%
Sainte-Catherine-de-Fierbois
26%
Saint-Laurent-de-Lin
26%
Saint-Laurent-en-Gâtines
26%
Thilouze
26%
Yzeures-sur-Creuse
26%
Bréhémont
25%
Manthelan
25%
Saint-Paterne-Racan
25%
Saint-Roch
25%
Semblançay
25%
Cheillé
24%
Le Petit-Pressigny
24%
Pernay
24%
Verneuil-le-Château
24%
Verneuil-sur-Indre
24%
Chambourg-sur-Indre
23%
Chançay
23%
Civray-de-Touraine
23%
Civray-sur-Esves
23%
Cléré-les-Pins
23%
Rigny-Ussé
23%
Saint-Épain
23%
Savigné-sur-Lathan
23%
Vallères
23%
Chemillé-sur-Dême
22%
Chemillé-sur-Indrois
22%
Dierre
22%
Lignières-de-Touraine
22%
Noizay
22%
Nouzilly
22%
Pont-de-Ruan
22%
Preuilly-sur-Claise
22%
Reugny
22%
Rivarennes
22%
Sonzay
22%
Huismes
21%
La Chapelle-sur-Loire
21%
La Ferrière
21%
Lussault-sur-Loire
21%
Mazières-de-Touraine
21%
Rouziers-de-Touraine
21%
Saint-Germain-sur-Vienne
21%
Savigny-en-Véron
21%
Abilly
20%
Candes-Saint-Martin
20%
Charentilly
20%
Chargé
20%
Cravant-les-Côteaux
20%
Genillé
20%
Neuvy-le-Roi
20%
Saint-Christophe-sur-le-Nais
20%
Saint-Quentin-sur-Indrois
20%
Villedômer
20%
Cerelles
19%
Chouzé-sur-Loire
19%
Coteaux-sur-Loire
19%
Courçay
19%
La Chapelle-aux-Naux
19%
Noyant-de-Touraine
19%
Rillé
19%
Rivière
19%
Autrèche
18%
Auzouer-en-Touraine
18%
Limeray
18%
Louans
18%
Maillé
18%
Panzoult
18%
Saint-Ouen-les-Vignes
18%
Chédigny
17%
Crotelles
17%
La Celle-Guenand
17%
La Celle-Saint-Avant
17%
La Chapelle-Blanche-Saint-Martin
17%
Le Louroux
17%
Montreuil-en-Touraine
17%
Neuilly-le-Brignon
17%
Nouans-les-Fontaines
17%
Souvigné
17%
Tournon-Saint-Pierre
17%
Villaines-les-Rochers
17%
Avon-les-Roches
16%
Avrillé-les-Ponceaux
16%
Benais
16%
Betz-le-Château
16%
Chisseaux
16%
Dolus-le-Sec
16%
Marcilly-sur-Maulne
16%
Marcilly-sur-Vienne
16%
Restigné
16%
Saint-Règle
16%
Sepmes
16%
Bossay-sur-Claise
15%
Braye-sous-Faye
15%
Braye-sur-Maulne
15%
Bridoré
15%
Cangey
15%
Channay-sur-Lathan
15%
Cigogné
15%
Crouzilles
15%
Francueil
15%
Mosnes
15%
Nouâtre
15%
Orbigny
15%
Pouzay
15%
Saint-Flovier
15%
Saint-Hippolyte
15%
Saint-Senoch
15%
Sennevières
15%
Sublaines
15%
Bossée
14%
Courcelles-de-Touraine
14%
Draché
14%
Épeigné-les-Bois
14%
Épeigné-sur-Dême
14%
Esves-le-Moutier
14%
Gizeux
14%
Le Boulay
14%
Neuville-sur-Brenne
14%
Rilly-sur-Vienne
14%
Souvigny-de-Touraine
14%
Varennes
14%
Anché
13%
Champigny-sur-Veude
13%
Charnizay
13%
Crissay-sur-Manse
13%
Les Hermites
13%
Luzillé
13%
Marçay
13%
Marcé-sur-Esves
13%
Marray
13%
Monthodon
13%
Trogues
13%
Villedômain
13%
Villeloin-Coulangé
13%
Villiers-au-Bouin
13%
Bournan
12%
Bueil-en-Touraine
12%
Chaveignes
12%
Couesmes
12%
Cussay
12%
Ferrière-sur-Beaulieu
12%
La Guerche
12%
La Roche-Clermault
12%
Le Liège
12%
Lerné
12%
Lublé
12%
Saint-Aubin-le-Dépeint
12%
Seuilly
12%
Assay
11%
Barrou
11%
Chambon
11%
Cinais
11%
Ciran
11%
Continvoir
11%
Dame-Marie-les-Bois
11%
Faye-la-Vineuse
11%
Jaulnay
11%
La Tour-Saint-Gelin
11%
Ligré
11%
Luzé
11%
Morand
11%
Ports-sur-Vienne
11%
Saunay
11%
Tavant
11%
Antogny-le-Tillac
10%
Boussay
10%
Braslou
10%
Brèches
10%
Chezelles
10%
Courcoué
10%
Couziers
10%
Lémeré
10%
Marigny-Marmande
10%
Mouzay
10%
Paulmy
10%
Sazilly
10%
Theneuil
10%
Thizay
10%
Villebourg
10%
Brizay
9%
Chaumussay
9%
Ferrière-Larçon
9%
Pussigny
9%
Razines
8%
Aucun quiz correspondant
Distribution des résultats
% des personnes avec chaque résultat
Percentile par nombre de réponses
Votre historique - résultats
Vous n’avez pas pris ce quiz